000 00560nam a2200181 i 4500
001 36611
003 ES-MaACL
005 20230906155413.0
007 t|
008 030218s1969 cl ||||1| spa d
100 1 _aBraun, Wernher von.
_931419
245 1 0 _aFronteras del espacio /
_cWernher von Braun ; [traductor: Esteban Busquets].
250 _a[1ª ed.].
260 _aSantiago de Chile, etc. :
_bPomaire,
_c[1969]
300 _a203 p., 8 lám. :
_bil. ;
_c23 cm.
700 1 _aBusquets i Molas, Esteve.
_932850
852 _aES-MaACL
_jC-38175
_bR.72430
999 _c36611
_d36611